000 00633nam a2200193Ii 4500
003 JO-AjNU
008 230605s9999||||xx |||||||||||||| ||und||
040 _aJO-AjNU
_bara
_erda
_cJO-AjNU
041 _aara
050 1 4 _aBF38
100 3 _aجراهام،ج.م ؛ مراد، صلاح/ترجمة,
_eauthor
_912798
245 0 0 _aالشخصية :كيف يمكن تنميتها
264 3 1 _aالقاهرة:دار النهضة العربية ، د.ت
300 _a103ص
336 _atext
_btxt
_2rdacontent
337 _aunmediated
_bn
_2rdamedia
338 _avolume
_bnc
_2rdacarrier
650 4 _aالشخصية-تنمية
_912799
999 _aA3018
_c6586
_d6586